LEADER 01437nam--2200421---450- 001 990000523380203316 005 20050523105414.0 010 $a88-7284-361-8 035 $a0052338 035 $aUSA010052338 035 $a(ALEPH)000052338USA01 035 $a0052338 100 $a20010625d1995----km|y0itay0103----ba 101 0 $aita 102 $aIT 105 $a||||||||001yy 200 1 $a<> demonio e i suoi complici$edottrine e credenze demonologiche nella tarda antichità$fa cura di Salvatore Pricoco 210 $aSoveria Mannelli$cRubbettino$d1995 215 $a319 p.$cill.$d21 cm 225 2 $aArmarium$iBiblioteca di storia e cultura religiosa$v6 410 1$12001$aArmarium$iBiblioteca di storia e cultura religiosa$v6 606 1 $aSatanismo$zSec. 4. a.C.-11. 606 2 $aDemonio$xConcezione$zSec. 4. a.C.-11. 676 $a133.422 702 1$aPRICOCO,$bSalvatore 801 0$aIT$bsalbc$gISBD 912 $a990000523380203316 951 $aII.2. 2763(XIV COLL. 240 6)$b129572 LM$cXIV COLL.$dY 951 $aII.2. 2763a(XIV COLL. 240 6 BIS)$b159345/LM$cXIV COLL.$dY 959 $aBK 969 $aUMA 979 $aPATTY$b90$c20010625$lUSA01$h1617 979 $c20020403$lUSA01$h1701 979 $aJOHNNY$b90$c20021104$lUSA01$h1350 979 $aPATRY$b90$c20040406$lUSA01$h1636 979 $aCOPAT6$b90$c20050523$lUSA01$h1054 996 $aDemonio e i suoi complici$9691745 997 $aUNISA LEADER 01168nam--2200385---450- 001 990001095540203316 005 20090211094327.0 010 $a0-7619-7222-6 035 $a000109554 035 $aUSA01000109554 035 $a(ALEPH)000109554USA01 035 $a000109554 100 $a20021107d2002----km-y0enga50------ba 101 $aeng 102 $aUK 200 1 $aComparing democracies 2$enew challenges in the study of elections and voting$fedited by Lawrence LeDuc, Richard G. Niemi, Pippa Norris 210 $aLondon$cSage Publications$d2002 215 $aIX, 269 p.$d24 cm 606 $aDemocrazia 606 $aElezioni 676 $a324.6 676 $a321.8 702 1$aLEDUC,$bLawrence 702 $aNIEMI,$bRichard G. 702 $aNORRIS,$bPippa 912 $a990001095540203316 951 $a321.8 COM 1 (IEP X 300)$b11651 E.C.$cIEP X$d00088053 959 $aBK 969 $aECO 979 $aMARIA$b10$c20021107$lUSA01$h1002 979 $aPATRY$b90$c20040406$lUSA01$h1716 979 $aVITALE$b90$c20040804$lUSA01$h1730 979 $aRSIAV1$b90$c20090211$lUSA01$h0943 996 $aComparing democracies 2$9515784 997 $aUNISA LEADER 01856oam 2200493M 450 001 9910716483103321 005 20200213070929.6 035 $a(CKB)5470000002521311 035 $a(OCoLC)1065612549 035 $a(OCoLC)995470000002521311 035 $a(EXLCZ)995470000002521311 100 $a20071213d1927 ua 0 101 0 $aeng 135 $aurcn||||||||| 181 $ctxt$2rdacontent 182 $cc$2rdamedia 183 $acr$2rdacarrier 200 10$aProtection of trade-marks used in commerce. February 22, 1927. -- Committed to the Committee of the Whole House on the State of the Union and ordered to be printed 210 1$a[Washington, D.C.] :$c[U.S. Government Printing Office],$d1927. 215 $a1 online resource (4 pages) 225 1 $aHouse report / 69th Congress, 2nd session. House ;$vno. 2203 225 1 $a[United States congressional serial set] ;$v[serial no. 8689] 300 $aBatch processed record: Metadata reviewed, not verified. Some fields updated by batch processes. 300 $aFDLP item number not assigned. 606 $aLegislative amendments 606 $aPatents 606 $aTrademarks 606 $aTreaties 606 $aRecording and registration 608 $aLegislative materials.$2lcgft 615 0$aLegislative amendments. 615 0$aPatents. 615 0$aTrademarks. 615 0$aTreaties. 615 0$aRecording and registration. 701 $aVestal$b Albert H$g(Albert Henry),$f1875-1932$pRepublican (IN)$01387992 801 0$bWYU 801 1$bWYU 801 2$bOCLCO 801 2$bOCLCQ 906 $aBOOK 912 $a9910716483103321 996 $aProtection of trade-marks used in commerce. February 22, 1927. -- Committed to the Committee of the Whole House on the State of the Union and ordered to be printed$93537348 997 $aUNINA LEADER 03739nam 2200697 a 450 001 9910825907103321 005 20200520144314.0 010 $a9786612654138 010 $a9781282654136 010 $a1282654136 010 $a9781118029305 010 $a1118029305 010 $a9781613441763 010 $a1613441762 010 $a9780470893197 010 $a0470893192 010 $a9780470893180 010 $a0470893184 035 $a(CKB)2670000000029551 035 $a(EBL)547112 035 $a(OCoLC)646788412 035 $a(SSID)ssj0000427499 035 $a(PQKBManifestationID)11304779 035 $a(PQKBTitleCode)TC0000427499 035 $a(PQKBWorkID)10406038 035 $a(PQKB)10407477 035 $a(MiAaPQ)EBC547112 035 $a(Perlego)1008952 035 $a(EXLCZ)992670000000029551 100 $a20100726d2010 uy 0 101 0 $aeng 135 $aur|n|---||||| 181 $ctxt 182 $cc 183 $acr 200 10$aRubber as a construction material for corrosion protection $ea comprehensive guide for process equipment designers /$f[by] V.C. Chandrasekaran 210 $aChichester $cWiley$d2010 215 $a1 online resource (321 p.) 225 1 $aWiley-Scrivener ;$vv.16 300 $aDescription based upon print version of record. 311 08$a9780470625941 311 08$a0470625945 320 $aIncludes bibliographical references and index. 327 $aRubber as a Construction Material for Corrosion Protection: A Comprehensive Guide for Process Equipment Designers; Contents; Acknowledgements; Preface; 1. Introduction - Background and Reasons for Using Rubber as a Construction Material; 2. Rubber Compounding; 3. Ebonite-Problems and Solutions; 4. Rubber Lining - Types and Application Procedures; 5. Rubbers and Their Relevant Properties for the Chemical and Mineral Processing Industries; 6. Design Considerations for Fabrication of Equipment Suitable for Rubber Lining; 7. Chemical Process Plants and Equipment 327 $a8. Processibility and Vulcanization Tests 9. Rubber to Metal Bonding; 10. Vulcanization Technology; 11. Rubber in Seawater Systems; 12. Rubber in Oil Field Environment; 13. Calendering of Rubber and Coated Rubber Sheets; 14. Moulding Technology; 15. Service Life of Rubber-lined Chemical Equipment; 16. Case Studies; Glossary of Terms; Appendix 1. ASTM Elastomer / Rubber Designations; Appendix 2. Properties of Specialty Rubbers; Appendix 3. Temperature-Pressure Equivalents of Saturated Steam; Appendix 4. List of Suppliers Who Publish Technical Literature on Rubbers and Chemicals; Bibliography 327 $aAbout the AuthorIndex 330 $aFirst book on rubber used as a construction material dedicated to the chemical process industry Despite the long history of rubber as a construction material, this book is a unique publication as it comprehensively looks at the material with respect to the anti-corrosion requirements of the multitude of industries where rubber is used, both on land and offshore. This guide documents how rubber reliably meets the threats of corrosion and contributes to the longevity of the equipment. Chapters on ebonite, natural, and synthetic rubbers, examine their relevant properties and chemical res 410 0$aWiley-Scrivener 606 $aRubber 606 $aBuilding materials$xCorrosion 615 0$aRubber. 615 0$aBuilding materials$xCorrosion. 676 $a624.1894 700 $aChandrasekaran$b V. C$01611540 801 0$bMiAaPQ 801 1$bMiAaPQ 801 2$bMiAaPQ 906 $aBOOK 912 $a9910825907103321 996 $aRubber as a construction material for corrosion protection$94033738 997 $aUNINA